000 01371nam a22003737a 4500
003 CHAP
005 20220329143401.0
008 090209s2008 mx r 00010 spa d
010 _a95783
011 _a96755
035 _a107411
040 _cCHAP
090 _aTesis
100 1 _aMedina Villalva, Ester
_974051
245 1 3 _aEl queso Oaxaca artesanal :
_b¿un producto "pasteurizado"?
_c/por Ester Medina Villalva
260 _aChapingo, Méx. :
_bEl autor,
_c2008
300 _ax,67 h. :
_bilus., cuadros, gráfs.
502 _aTesis (Ing. Agroindustrial) -- UACH. Departameto de Ingeniería Agroindustrial
530 _aTambién disponible en línea
590 _aALEPH
_b10
_c20130110
_lUCH01
_h1526
590 _aBATCH-UPD
_b10
_c20130110
_lUCH01
_h0613
590 _aBATCH-UPD
_b10
_c20140324
_lUCH01
_h1509
590 _aBATCH-UPD
_b10
_c20141002
_lUCH01
_h0838
590 _aCONVERSION
_b10
_c20130109
_lUCH01
_h1353
650 1 4 _aLeche
_xAcidez.
_965358
650 1 4 _aQueso Oaxaca.
_993247
650 1 4 _aQueso
_xProcesado.
_993233
650 1 4 _aTemperatura
_xEfecto en leche.
_9112203
856 _3Finding aid
_uhttp://10.13.5.2/tesis/107411.pdf
_zTeclea aqui
901 _aBK
942 _cFOLL
949 _aTesis
_bBC
_cTES
_d33724002084553
_eTS1
_gDonaciØn
_h48656
_i107411
_sb
949 _aTesis
_bBC
_cTES
_d33724002084595
_eTS2
_fc.2
_gDonaciØn
_h48657
_i107411
_sb
999 _c95783
_d95783